000
00214 a2200097 4500
001
4546
100
_a
Braun,E
245
_a
Programmed problems in thermodynamics
260
_a
_b
Mcgrawhill
_c
090
_c
3743
_d
3743
942
_a
NUST-CAE
_c
M
_c
29982
999
_c
239619
_d
239619